| 000 | 00960nam a22002297a 4500 | ||
|---|---|---|---|
| 003 | NALT | ||
| 005 | 20220307120132.0 | ||
| 008 | 220307b th ||||| |||| 00| 0 tha d | ||
| 020 | _a974978538X | ||
| 040 | _aNALT | ||
| 050 |
_aDS 586 _bภ671ส 2549 |
||
| 100 | 0 | _aอัครวัฒน์ โอสถานุเคราะห์ | |
| 245 | 1 | 0 |
_aสองธรรมราชา / _cอัครวัฒน์ โอสถานุเคราะห์. |
| 250 | _aพิมพ์ครั้งที่ 6 | ||
| 260 |
_aกรุงเทพฯ : _bร่วมด้วยช่วยกัน, _c2549. |
||
| 300 |
_a140 หน้า : _bภาพประกอบ ; _c21 ซม. |
||
| 650 | 4 | _aทศพิธราชธรรม | |
| 650 | 4 | _aภูมิพลอดุลยเดช, พระบาทสมเด็จพระเจ้าอยู่หัว, 2470-- | |
| 850 | _aNALT | ||
| 942 |
_cGB _2lcc |
||
| 998 |
_akornsiririn _h7560 _j7560 _k กรศิริรินทร์ รัตนสุภา |
||
| 999 |
_c99735 _d99735 |
||